Como debe hacerse la memoria de licenciado

Guardat en:
Dades bibliogràfiques
Autor principal: Capitant, Henri (Autor)
Format: Llibre
Idioma:espanyol
Publicat: Santiago Jurídica de Chile 1958
Matèries:
Etiquetes: Afegir etiqueta
Sense etiquetes, Sigues el primer a etiquetar aquest registre!

MARC

LEADER 00000nam a2200000 a 4500
001 UCU2144
003 CL-VaPUC
008 960419e19580000CL |||||||||||||||||spa|d
082 0 4 |a 001.4  |b CAP  |2 21 
100 0 |a Capitant, Henri  |e author  |9 358124 
245 1 0 |a Como debe hacerse la memoria de licenciado 
300 |a 102 p 
942 |c BK 
945 |d 19960419 00:00:00  |a rleighto 
260 |a Santiago  |b Jurídica de Chile  |c 1958 
650 7 |a TESIS  |2 CL-VaPUC  |9 257341 
650 0 |a Metodología   |9 256610 
650 7 |a REDACCION DE INFORMES  |2 CL-VaPUC  |9 358125 
650 0 |a Tesis doctorales  |9 358126 
650 7 |a DERECHO  |2 CL-VaPUC  |9 358127 
583 |a last modification  |c 19960419 00:00:00  |k Rodrigo Vera 
999 |c 246525  |d 246523 
952 |0 0  |1 0  |4 0  |6 001_400000000000000_CAP_1958  |7 0  |8 A  |9 261587  |a BIBDER  |b BIBDER  |d 2019-11-19  |i 3189627  |l 1  |o 001.4 CAP 1958  |p 3189627  |r 2023-01-25  |s 2022-01-11  |w 2019-11-19  |y BK  |k DER